| 000 | 01011nam a2200265 i 4500 | ||
|---|---|---|---|
| 003 | IT-RoINE | ||
| 005 | 20190621072658.0 | ||
| 008 | 020304s2001 sp |r o001|||spa|d | ||
| 020 | _a843401288X | ||
| 024 | 7 |
_aNIPO 007-01-052-6 _2nipo |
|
| 024 | 7 |
_aNIPO 005-01-013-X _2nipo |
|
| 040 |
_aSpMaBN _cSpMaBN IT-RoINE _dIT-RoINE |
||
| 100 | 1 |
_aLorente Sariñena, Marta _918221 |
|
| 245 | 1 | 3 |
_aLa voz del Estado : _bla publicación de las normas (1810-1889) / _cMarta Lorente Sariñena. |
| 260 |
_aMadrid : _bBoletín Oficial del Estado : _bCentro de Estudios Políticos y Constitucionales, _c2001. |
||
| 300 |
_a231 p. ; _c25 cm. ; |
||
| 336 |
_2rdacontent _atext |
||
| 337 |
_2rdamedia _aunmediated |
||
| 338 |
_2rdacarrier _avolume |
||
| 500 | _aInvestigación resultado de los proyectos DGES PB96-1333 y DGI BHA2000-0195. | ||
| 500 | _aIncluye índice. | ||
| 504 | _aIncluye referencias bibliográficas e notas. | ||
| 650 | 4 |
_aNorma jurídica _zEspaña _xHistoria _ySiglo 19o. _960777 |
|
| 942 | _cMTS | ||
| 999 |
_c31002 _d31002 |
||